Foods that Start with M - Statistics

General Stats
  • This quiz has been taken 111,704 times
    52,420 since last reset
  • The average score is 14 of 20
Answer Stats
Picture Hint Answer % Correct
Macarons
97%
Mango
96%
Marshmallow
96%
Muffin
96%
Mint
92%
Macaroni
89%
Mandarin
83%
Mussels
80%
Mustard
80%
Mozzarella
79%
Meat Loaf
75%
{Miso} Soup
69%
Marmalade
65%
Margarita
60%
whipped topping Meringue
55%
the spread Marmite
53%
Mackerel
50%
Swiss Muesli
40%
Jewish Matzo
33%
type of mushroom Morel
24%
No matching quizzes found
Score Distribution
Percent of People with Each Score
Percentile by Number Answered
Your Score History
You have not taken this quiz since the last reset